Intellectuals on the road to class power (Record no. 674257)

MARC details
000 -LEADER
fixed length control field 00674nam a2200253Ia 4500
003 - CONTROL NUMBER IDENTIFIER
control field OSt
005 - DATE AND TIME OF LATEST TRANSACTION
control field 20220926044215.0
008 - FIXED-LENGTH DATA ELEMENTS--GENERAL INFORMATION
fixed length control field 220923b |||||||| |||| 00| 0 eng d
020 ## - INTERNATIONAL STANDARD BOOK NUMBER
International Standard Book Number 0855271485
037 ## - SOURCE OF ACQUISITION
Terms of availability General Book
040 ## - CATALOGING SOURCE
Original cataloging agency RTL
Transcribing agency RTL
Language of cataloging eng
041 ## - LANGUAGE CODE
Source of code eng
Language code of text/sound track or separate title eng
100 ## - MAIN ENTRY--PERSONAL NAME
Personal name Konrad George
9 (RLIN) 131341
245 #0 - TITLE STATEMENT
Title Intellectuals on the road to class power
Remainder of title A sociol
260 ## - PUBLICATION, DISTRIBUTION, ETC.
Date of publication, distribution, etc. 1975
300 ## - PHYSICAL DESCRIPTION
Extent xix, 252p
Dimensions cm.
650 ## - SUBJECT ADDED ENTRY--TOPICAL TERM
Topical term or geographic name entry element Intellectuals
700 ## - ADDED ENTRY--PERSONAL NAME
Personal name Szelenyi Ivan
9 (RLIN) 23616
942 ## - ADDED ENTRY ELEMENTS (KOHA)
Classification part Y47, L9
Koha item type General Books
Source of classification or shelving scheme Colon Classification (CC)
Holdings
Withdrawn status Lost status Damaged status Not for loan Home library Current library Date acquired Total Checkouts Full call number Barcode Date last seen Price effective from Koha item type
        Ratan Tata Library Ratan Tata Library 2022-09-26   Y47 L9 RT0718454 2022-09-26 2022-09-26 General Books
Copyright @ Delhi University Library System